00525nas a2200145 a 4500008004100000050001800041110005000059245008900109260007000198300000700268350000900275650001600284650004200300650003700342120416c20129999||||||||||||||||| || u aZEMA(058)ZEOR aZambia Environmental Management Agency (ZEMA)10aZambia environment outlook report 3cA report by the environmental Council of Zambia aLusakabZambia Environmental Management Agency (ZEMA)c10/01/2012 a11 a0.00 aENVIRONMENT aENVIRONMENTAL PROTECTION--PERIODICALS aENVIRONMENTAL MANAGEMENT--ZAMBIA